ბათუმის შოთა რუსთაველის სახელმწიფო უნივერსიტეტის ბიბლიოთეკა

Архитектура / (ბიბ.ჩანაწერი № 61028)

000 -LEADER
fixed length control field 00645nam a22001697a 4500
005 - DATE AND TIME OF LATEST TRANSACTION
control field 20231208154611.0
008 - FIXED-LENGTH DATA ELEMENTS--GENERAL INFORMATION
fixed length control field 231208s1984 ru ||||| |||| 00| 0 rus d
041 ## - LANGUAGE CODE
Language code of text/sound track or separate title rus
080 ## - UNIVERSAL DECIMAL CLASSIFICATION NUMBER
Universal Decimal Classification number 72.03 A-87
245 ## - TITLE STATEMENT
Title Архитектура /
Statement of responsibility, etc. Под ред. Б.Я. Орловского.
250 ## - EDITION STATEMENT
Edition statement издание второе, переработанное и дополненное
264 ## - PRODUCTION, PUBLICATION, DISTRIBUTION, MANUFACTURE, AND COPYRIGHT NOTICE
Place of production, publication, distribution, manufacture Москва:
Name of producer, publisher, distributor, manufacturer Высшая школа,
Date of production, publication, distribution, manufacture, or copyright notice 1984.
300 ## - PHYSICAL DESCRIPTION
Extent 288 с.:
Other physical details ил.;
Dimensions 23 см.
653 ## - INDEX TERM--UNCONTROLLED
keyword არქიტექტურა
700 ## - ADDED ENTRY--PERSONAL NAME
Personal name Орловский, Б. Я.
Relator term რედაქრორი
9 (RLIN) 19596
942 ## - ADDED ENTRY ELEMENTS (KOHA)
Source of classification or shelving scheme
Koha item type წიგნი
ეგზემპლარები
Withdrawn status Lost status Source of classification or shelving scheme Damaged status Not for loan Permanent Location Current Location Shelving location Date acquired Cost, normal purchase price Full call number Barcode Date last seen Copy number Uniform Resource Identifier Price effective from Koha item type Public note
          ბათუმის შოთა რუსთაველის სახელმწიფო უნივერსიტეტის მთავარი ბიბლიოთეკა ბათუმის შოთა რუსთაველის სახელმწიფო უნივერსიტეტის მთავარი ბიბლიოთეკა წიგნსაცავი 2023-12-08 8.00 72.03 A-87 65555 2023-12-08 65555 ბსუ-ს საპატიო დოქტორის გურამ ლორთქიფანიძის საჩუქარი 2023-12-08 წიგნი 8 ლ.